IS THE DEVIL IN THE DETAILS? Tension Between Minimalism and Comprehensiveness in the Shariah
The comprehensiveness of Islamic law has been questioned seriously in the modern period by Muslim reformists like Rashīd Riḍā. Such reformists have used as evidence Qur'anic verses and Prophetic reports that seem to state clearly that the strictures of Islamic law are few and limited and that M...
| Autor principal: | |
|---|---|
| Tipo de documento: | Electrónico Artículo |
| Lenguaje: | Inglés |
| Verificar disponibilidad: | HBZ Gateway |
| Interlibrary Loan: | Interlibrary Loan for the Fachinformationsdienste (Specialized Information Services in Germany) |
| Publicado: |
2011
|
| En: |
Journal of religious ethics
Año: 2011, Volumen: 39, Número: 3, Páginas: 458-472 |
| Otras palabras clave: | B
Hadith
B Shariah B al-Bukhārī B Shāh Walī Allāh al-Dihlawī B Islamic Modernism B al-Dārimī |
| Acceso en línea: |
Volltext (JSTOR) Volltext (lizenzpflichtig) Volltext (lizenzpflichtig) |
| Parallel Edition: | No electrónico
|
MARC
| LEADER | 00000caa a22000002c 4500 | ||
|---|---|---|---|
| 001 | 1822387477 | ||
| 003 | DE-627 | ||
| 005 | 20250325025839.0 | ||
| 007 | cr uuu---uuuuu | ||
| 008 | 221115s2011 xx |||||o 00| ||eng c | ||
| 024 | 7 | |a 10.1111/j.1467-9795.2011.00489.x |2 doi | |
| 035 | |a (DE-627)1822387477 | ||
| 035 | |a (DE-599)KXP1822387477 | ||
| 040 | |a DE-627 |b ger |c DE-627 |e rda | ||
| 041 | |a eng | ||
| 084 | |a 0 |2 ssgn | ||
| 100 | 1 | |8 1\p |e VerfasserIn |0 (DE-588)13366953X |0 (DE-627)550680721 |0 (DE-576)300012950 |4 aut |a Brown, Jonathan A. C. |d 1977- | |
| 109 | |a Brown, Jonathan A. C. 1977- |a Brown, Jonathan Andrew Cleveland 1977- |a Brown, Jonathan 1977- | ||
| 245 | 1 | 0 | |a IS THE DEVIL IN THE DETAILS? Tension Between Minimalism and Comprehensiveness in the Shariah |
| 264 | 1 | |c 2011 | |
| 336 | |a Text |b txt |2 rdacontent | ||
| 337 | |a Computermedien |b c |2 rdamedia | ||
| 338 | |a Online-Ressource |b cr |2 rdacarrier | ||
| 520 | |a The comprehensiveness of Islamic law has been questioned seriously in the modern period by Muslim reformists like Rashīd Riḍā. Such reformists have used as evidence Qur'anic verses and Prophetic reports that seem to state clearly that the strictures of Islamic law are few and limited and that Muslims should not extend them to all areas of life. How could the Shariah have developed as a holistic and exhaustive body of law in light of such evidence? Looking back at earlier Muslim scholars from the ninth to the eighteenth centuries, however, we see that these Qur'anic verses and Prophetic edicts were never understood in this way. They were either diffused with various hermeneutic strategies or understood as applying to debates unrelated to the comprehensiveness or minimalism of the Shariah. | ||
| 650 | 4 | |a Islamic Modernism | |
| 650 | 4 | |a Shāh Walī Allāh al-Dihlawī | |
| 650 | 4 | |a al-Dārimī | |
| 650 | 4 | |a al-Bukhārī | |
| 650 | 4 | |a Shariah | |
| 650 | 4 | |a Hadith | |
| 773 | 0 | 8 | |i Enthalten in |t Journal of religious ethics |d Oxford : Wiley-Blackwell, 1973 |g 39(2011), 3, Seite 458-472 |h Online-Ressource |w (DE-627)320450171 |w (DE-600)2005952-8 |w (DE-576)090888812 |x 1467-9795 |7 nnas |
| 773 | 1 | 8 | |g volume:39 |g year:2011 |g number:3 |g pages:458-472 |
| 776 | |i Erscheint auch als |n Druckausgabe |w (DE-627)1646321936 |k Non-Electronic | ||
| 856 | |3 Volltext |u http://www.jstor.org/stable/23020000 |x JSTOR | ||
| 856 | 4 | 0 | |u https://doi.org/10.1111/j.1467-9795.2011.00489.x |x Resolving-System |z lizenzpflichtig |3 Volltext |7 1 |
| 856 | 4 | 0 | |u https://onlinelibrary.wiley.com/doi/abs/10.1111/j.1467-9795.2011.00489.x |x Verlag |z lizenzpflichtig |3 Volltext |7 1 |
| 883 | |8 1\p |a cgwrk |d 20250301 |q DE-101 |u https://d-nb.info/provenance/plan#cgwrk | ||
| 935 | |a mteo | ||
| 951 | |a AR | ||
| CAN | |a 1 | ||
| ELC | |a 1 | ||
| ITA | |a 1 |t 1 | ||
| LOK | |0 000 xxxxxcx a22 zn 4500 | ||
| LOK | |0 001 421103085X | ||
| LOK | |0 003 DE-627 | ||
| LOK | |0 004 1822387477 | ||
| LOK | |0 005 20221115052628 | ||
| LOK | |0 008 221115||||||||||||||||ger||||||| | ||
| LOK | |0 035 |a (DE-Tue135)IxTheo#2022-11-03#EDDB930CAC3909CA13473D97662714D3BCA98A8D | ||
| LOK | |0 040 |a DE-Tue135 |c DE-627 |d DE-Tue135 | ||
| LOK | |0 092 |o n | ||
| LOK | |0 852 |a DE-Tue135 | ||
| LOK | |0 852 1 |9 00 | ||
| LOK | |0 866 |x JSTOR#http://www.jstor.org/stable/23020000 | ||
| LOK | |0 935 |a ixzs |a ixrk |a zota | ||
| LOK | |0 939 |a 15-11-22 |b l01 | ||
| ORI | |a SA-MARC-ixtheoa001.raw | ||
| REL | |a 1 | ||
| SUB | |a CAN |a REL | ||